| 000 | 01026nam a2200277Ia 4500 | ||
|---|---|---|---|
| 001 | Para_10447 | ||
| 003 | CHAP | ||
| 008 | 220125sNovi xx 000 0 und d | ||
| 010 | _a209127 | ||
| 040 | _cCHAP | ||
| 090 | _aPA CD - TESIS 472 | ||
| 100 |
_aRodríguez Clemente, Julio Alberto _9130129 |
||
| 245 |
_aEvaluación de extractos de cachichín (Oecopetalum mexicanum) para el control in vitro de aislados de Colletotrichum spp.de mango / _c Julio Alberto Rodríguez Clemente; Director Santos Gerardo Leyva Mir |
||
| 260 |
_aChapingo, Méx. : _b el autor |
||
| 300 | _a1 CDS ROM (56 p.) | ||
| 502 | _aTesis (Ing. Agr. Esp. Parasitología Agrícola). UACH. Departamento Parasitología Agrícola | ||
| 700 |
_aLeyva Mir, Santos Gerardo. Director _9171335 |
||
| 710 | _aUACH Departamento Parasitología Agrícola | ||
| 901 | _aPA CD - TESIS 472 | ||
| 902 | _aM | ||
| 905 | _a513220Noviembre, 2015 a 8100000000 06 | ||
| 910 | _aNovi | ||
| 942 | _cPARA | ||
| 942 |
_cPARA _d2 |
||
| 999 |
_c209127 _d209127 |
||